000 00278nam a2200133Ia 4500
008 231129s1968||||xx |||||||||||||| ||spa||
040 _bspa
082 _a878.01 T118a
100 _aTacito.
245 0 _aLos anales
260 _c1968
264 _aJackson
942 _2ddc
_cBKS
999 _c19475
_d19475